PC revue technologický magazín

Enregistré dans:
Détails bibliographiques
Format: Publication en série
Langue:slovaque
Publié: Bratislava Digital Visions
Tags: Ajouter un tag
Pas de tags, Soyez le premier à ajouter un tag!

MARC

LEADER 00000nas1a22000001 4500
001 s120075
005 20250625113104.1
022 |a 1335-0226 
041 0 |a slo 
044 |a SK 
245 1 0 |a PC revue  |b technologický magazín 
264 1 |a Bratislava  |b Digital Visions 
500 |a Do roku 2018 vychádzal 12x ročne 
500 |a Od roku 2020 vychádza po názvom NexTech